| 000 | 00756nam a2200205 i 4500 | ||
|---|---|---|---|
| 001 | 46088 | ||
| 003 | ES-MaACL | ||
| 005 | 20230906161328.0 | ||
| 007 | t| | ||
| 008 | 030327s1958 sz ||||1| fre d | ||
| 111 | 2 |
_aConférence Internationale de l'Instruction Publique ( _n15ª. _d1952. _cGinebra) _9149 |
|
| 245 | 1 | 2 | _aL'enseignement des sciences naturelles dans les ecoles secondaires. |
| 260 |
_aGenève : _b[s.n., _c1952] |
||
| 300 |
_a230 p. ; _c24 cm. |
||
| 490 | 1 |
_aPublications du Bureau International d'Education ; _v138 |
|
| 500 | _aPrecede al tít.: Bureau International d'Instruction Publique. | ||
| 830 | 0 |
_aPublications du Bureau International d'Education ; _v138 _9181740 |
|
| 852 |
_aES-MaACL _jC-12663 _bR.32645 |
||
| 999 |
_c46088 _d46088 |
||